the abc quiz - Statistics

General Stats
  • This quiz has been taken 370 times
  • The average score is 124 of 137
Answer Stats
Hint Answer % Correct
a
98%
b
94%
c
92%
q
68%
w
67%
e
62%
k
61%
u
61%
h
60%
z
60%
f
59%
p
59%
x
58%
m
57%
No matching quizzes found
Score Distribution
Percent of People with Each Score
Percentile by Number Answered
Your Score History
You have not taken this quiz